00585 2200217 4500001002100000005001700021008004100038035002400079082001400103090001900117245004900136260002900185300002000214500002800234650003200262700002500294850001200319980001500331985000600346999001500352YOGYA-0209000005960520090227034653.0 ind  0010-020900000059605 a899.22161 a899.22161bKid aKIDUNG SundacPenterjemah haksan wirasutisna aJakartabDepdikbudc1980 a...jilidc21 cm aYang diterima: jilid. 1 aKesasteraan Sunda - Tembang aWirasutrisna, Haksan aYOPDYOG a26-08-2008 a1 aa000057917